| 000 | 00338nam a22001337a 4500 | ||
|---|---|---|---|
| 020 | _a978033522914X | ||
| 082 |
_a364 _bTIE |
||
| 100 | _aTierney, John | ||
| 245 |
_aKey Perspectives in Criminology / _cJohn Tierney |
||
| 260 |
_aNew York: _bMcGraw-Hill Education, _c2009. |
||
| 300 | _a172 p. | ||
| 563 | _aPB. | ||
| 942 |
_2ddc _cBK |
||
| 999 |
_c613755 _d613755 |
||